[Event "CZE-chT2A 1920"]
[Site "Czech Republic"]
[Date "2020.02.23"]
[Round "9.3"]
[White "Spal, Milan"]
[Black "Plesek, Jiri"]
[Result "1/2-1/2"]
[WhiteElo "2113"]
[BlackElo "2074"]
[PlyCount "81"]
[EventDate "2019.10.13"]
[EventType "team-tourn"]
[EventRounds "11"]
[EventCountry "CZE"]
[SourceTitle "EXT 2024"]
[Source "ChessBase"]
[SourceDate "2023.10.10"]
[SourceVersion "1"]
[SourceVersionDate "2023.10.10"]
[SourceQuality "1"]
[WhiteTeam "Strakonice"]
[BlackTeam "Pankrac II"]
[WhiteTeamCountry "CZE"]
[BlackTeamCountry "CZE"]

1. c4 e6 2. Nf3 d5 3. b3 c5 4. g3 Nc6 5. Bg2 d4 6. 0-0 e5 7. d3 Be7 8. e3 Nf6 9. exd4 exd4 10. Bf4 0-0 11. Re1 Bf5 12. Ne5 Nxe5 13. Bxe5 Qd7 14. Qf3 Rae8 15. Bxf6 Bxf6 16. Nd2 b6 17. Ne4 Bxe4 18. Rxe4 Rxe4 19. Qxe4 Re8 20. Qf4 Be5 21. Qd2 Bd6 22. a4 a5 23. Bf3 g6 24. Kg2 Kg7 25. h4 h5 26. Re1 Rxe1 27. Qxe1 Qe7 28. Qd1 Qe5 29. Bb7 f5 30. Qf3 f4 31. g4 hxg4 32. Qxg4 Qf5 33. Qxf5 gxf5 34. Kf3 Kf6 35. Bc8 Be5 36. Bd7 Bd6 37. h5 Kg5 38. h6 Be5 39. h7 Bf6 40. Bc8 Be5 41. Bd7 1/2-1/2

[Event "CZE-chT2A 1920"]
[Site "Czech Republic"]
[Date "2019.12.15"]
[Round "5.3"]
[White "Spal, Milan"]
[Black "Hosticka, Frantisek"]
[Result "1/2-1/2"]
[WhiteElo "2113"]
[BlackElo "2096"]
[PlyCount "53"]
[EventDate "2019.10.13"]
[EventType "team-tourn"]
[EventRounds "11"]
[EventCountry "CZE"]
[SourceTitle "EXT 2024"]
[Source "ChessBase"]
[SourceDate "2023.10.10"]
[SourceVersion "1"]
[SourceVersionDate "2023.10.10"]
[SourceQuality "1"]
[WhiteTeam "Strakonice"]
[BlackTeam "Praha Mahrla"]
[WhiteTeamCountry "CZE"]
[BlackTeamCountry "CZE"]

1. e4 g6 2. d4 c6 3. Nc3 d6 4. Be3 Nf6 5. Qd2 b5 6. Bd3 h5 7. Nf3 a6 8. h3 Qb6 9. e5 Nd5 10. Nxd5 cxd5 11. exd6 e6 12. Bg5 Nd7 13. Be7 Bxe7 14. dxe7 Qd6 15. 0-0 Qxe7 16. Rfe1 0-0 17. c3 Kg7 18. a4 bxa4 19. Rxa4 Nb6 20. Ra2 a5 21. Ne5 Bd7 22. Rea1 a4 23. Qf4 Rfb8 24. g4 Rh8 25. g5 Rhb8 26. h4 Be8 27. Qe3 1/2-1/2

[Event "CZE-chT2A 1920"]
[Site "Czech Republic"]
[Date "2019.11.03"]
[Round "2.3"]
[White "Bartos, Jan"]
[Black "Spal, Milan"]
[Result "1/2-1/2"]
[WhiteElo "2102"]
[BlackElo "2113"]
[PlyCount "93"]
[EventDate "2019.10.13"]
[EventType "team-tourn"]
[EventRounds "11"]
[EventCountry "CZE"]
[SourceTitle "EXT 2024"]
[Source "ChessBase"]
[SourceDate "2023.10.10"]
[SourceVersion "1"]
[SourceVersionDate "2023.10.10"]
[SourceQuality "1"]
[WhiteTeam "Unichess Reserve"]
[BlackTeam "Strakonice"]
[WhiteTeamCountry "CZE"]
[BlackTeamCountry "CZE"]

1. d4 e6 2. Nf3 c5 3. e3 Nf6 4. Bd3 b6 5. 0-0 Be7 6. dxc5 bxc5 7. b3 0-0 8. Bb2 Nc6 9. a3 a5 10. Nbd2 a4 11. bxa4 d6 12. Ng5 e5 13. c4 g6 14. Qf3 Ra6 15. Nge4 Be6 16. Nxf6+ Bxf6 17. Be4 Bd7 18. Bd5 Bg7 19. Ne4 Ne7 20. Nf6+ Bxf6 21. Qxf6 Nxd5 22. Qxd8 Rxd8 23. cxd5 Rb8 24. Bc1 e4 25. Rd1 Bxa4 26. Rd2 Rab6 27. Kf1 Rb1 28. Rda2 Bb5+ 29. Ke1 Bc4 30. Rxb1 Rxb1 31. Rc2 Bxd5 32. Kd2 Kf8 33. Rb2 Rxb2+ 34. Bxb2 Bb3 35. Kc3 Ba4 36. Kc4 Ke7 37. g4 Kd7 38. Bg7 f5 39. gxf5 gxf5 40. Bh6 Kc6 41. Bf4 Bd1 42. Bg3 Be2+ 43. Kc3 Bb5 44. Bf4 Kd5 45. Bg3 Ke6 46. Bf4 Kd5 47. Bg3 1/2-1/2

[Event "CZE-chT2A 1819"]
[Site "Czech Republic"]
[Date "2019.02.24"]
[Round "9.2"]
[White "Spal, Milan"]
[Black "Houska, Jiri"]
[Result "1-0"]
[WhiteElo "2163"]
[BlackElo "2169"]
[PlyCount "121"]
[EventDate "2018.10.14"]
[EventType "team-tourn"]
[EventRounds "11"]
[EventCountry "CZE"]
[SourceTitle "EXT 2022"]
[Source "ChessBase"]
[SourceDate "2021.10.06"]
[SourceVersion "1"]
[SourceVersionDate "2021.10.06"]
[SourceQuality "1"]
[WhiteTeam "Strakonice"]
[BlackTeam "Line"]
[WhiteTeamCountry "CZE"]
[BlackTeamCountry "CZE"]

1. e4 c5 2. f4 g6 3. Nf3 Bg7 4. Be2 Nc6 5. 0-0 d6 6. d3 Nf6 7. Qe1 0-0 8. Nc3 Nd4 9. Bd1 Rb8 10. h3 Nxf3+ 11. Bxf3 b6 12. Bd2 Bb7 13. Qh4 d5 14. e5 Ne8 15. Rae1 e6 16. Qg3 Nc7 17. h4 b5 18. h5 b4 19. Nd1 Nb5 20. Ne3 Nd4 21. Bd1 Nf5 22. Nxf5 exf5 23. Kf2 Qb6 24. Rh1 Rfe8 25. Qh4 a5 26. g4 c4+ 27. d4 Bc8 28. Be3 c3 29. b3 fxg4 30. Bxg4 Bxg4 31. Qxg4 Qe6 32. f5 Qxf5+ 33. Qxf5 gxf5 34. Rhg1 Kf8 35. Rg2 Rb6 36. Reg1 Bh6 37. Rg8+ Ke7 38. Rxe8+ Kxe8 39. Rg8+ Kd7 40. Ra8 f4 41. Bc1 Ke6 42. Kf3 Kf5 43. Rxa5 f6 44. Rxd5 fxe5 45. Rxe5+ Kf6 46. Ke4 Ra6 47. Rf5+ Ke7 48. Bxf4 Bxf4 49. Rxf4 Rxa2 50. Kd3 Ra1 51. Kc4 Rc1 52. Rf2 Rd1 53. Kxb4 Rd2 54. Rf3 Rxc2 55. Rxc3 Rd2 56. Rc7+ Kd6 57. Kc3 Rh2 58. Rxh7 Kd5 59. Rh8 Rh3+ 60. Kb4 Kxd4 61. h6 1-0

[Event "CZE-chT2A 1819"]
[Site "Czech Republic"]
[Date "2019.01.13"]
[Round "6.2"]
[White "Folk, Petr"]
[Black "Spal, Milan"]
[Result "0-1"]
[WhiteElo "2167"]
[BlackElo "2163"]
[PlyCount "80"]
[EventDate "2018.10.14"]
[EventType "team-tourn"]
[EventRounds "11"]
[EventCountry "CZE"]
[SourceTitle "EXT 2022"]
[Source "ChessBase"]
[SourceDate "2021.10.06"]
[SourceVersion "1"]
[SourceVersionDate "2021.10.06"]
[SourceQuality "1"]
[WhiteTeam "Klatovy"]
[BlackTeam "Strakonice"]
[WhiteTeamCountry "CZE"]
[BlackTeamCountry "CZE"]

1. e4 d5 2. exd5 Qxd5 3. Nc3 Qd6 4. d4 Nf6 5. Nf3 g6 6. Nb5 Qb6 7. Na3 c6 8. Nc4 Qc7 9. Nce5 Bg7 10. Bc4 Nd5 11. 0-0 0-0 12. Re1 b5 13. Bf1 Nd7 14. Nxd7 Bxd7 15. Ne5 Be6 16. c3 c5 17. Bxb5 cxd4 18. cxd4 Rab8 19. Ba4 Nb6 20. Bb5 Nd5 21. a4 a6 22. Bxa6 Nb4 23. Bb5 Nc2 24. Bf4 Nxe1 25. Qxe1 Qc2 26. b4 Rb7 27. Rc1 Qf5 28. Bg3 Bd5 29. Rc5 Qe6 30. Qc3 Rd8 31. h3 h5 32. Rc7 Bf6 33. Rxb7 Bxb7 34. Qc7 Qd5 35. Nc6 Rd7 36. Qb6 h4 37. Be5 Bxe5 38. dxe5 Qe4 39. Nxe7+ Rxe7 40. f3 Qe1+ 0-1

[Event "CZE-chT2A 1819"]
[Site "Czech Republic"]
[Date "2018.10.14"]
[Round "1.2"]
[White "Stluka, Petr"]
[Black "Spal, Milan"]
[Result "1/2-1/2"]
[WhiteElo "2153"]
[BlackElo "2163"]
[PlyCount "37"]
[EventDate "2018.10.14"]
[EventType "team-tourn"]
[EventRounds "11"]
[EventCountry "CZE"]
[SourceTitle "EXT 2022"]
[Source "ChessBase"]
[SourceDate "2021.10.06"]
[SourceVersion "1"]
[SourceVersionDate "2021.10.06"]
[SourceQuality "1"]
[WhiteTeam "Pribram Banik"]
[BlackTeam "Strakonice"]
[WhiteTeamCountry "CZE"]
[BlackTeamCountry "CZE"]

1. d3 g6 2. g3 Bg7 3. Bg2 c5 4. Nf3 Nc6 5. 0-0 Nf6 6. Nbd2 0-0 7. c3 Rb8 8. a4 b6 9. e4 Ba6 10. Qc2 d5 11. Rd1 dxe4 12. Nxe4 Nd5 13. Ned2 Qd7 14. Nc4 Rbd8 15. Re1 Rfe8 16. Nfd2 h6 17. Nb3 Qf5 18. Be4 Qc8 19. a5 1/2-1/2

[Event "CZE-chT2C 1718"]
[Site "Czech Republic"]
[Date "2018.02.25"]
[Round "9.1"]
[White "Meduna, Eduard"]
[Black "Spal, Milan"]
[Result "1-0"]
[WhiteElo "2393"]
[BlackElo "2152"]
[PlyCount "80"]
[EventDate "2017.10.15"]
[EventType "team-tourn"]
[EventRounds "11"]
[EventCountry "CZE"]
[SourceTitle "EXT 2022"]
[Source "ChessBase"]
[SourceDate "2021.10.06"]
[SourceVersion "1"]
[SourceVersionDate "2021.10.06"]
[SourceQuality "1"]
[WhiteTeam "Praha Eurovia"]
[BlackTeam "Pisek"]
[WhiteTeamCountry "CZE"]
[BlackTeamCountry "CZE"]

1. d4 e6 2. c4 Bb4+ 3. Bd2 Qe7 4. g3 Nf6 5. Bg2 0-0 6. Nf3 Bxd2+ 7. Nbxd2 d6 8. e4 e5 9. d5 a5 10. 0-0 Nfd7 11. b3 Na6 12. a3 Nb6 13. Ne1 f5 14. Nd3 f4 15. Qh5 g6 16. Qh6 Nc5 17. Nxc5 dxc5 18. a4 Bd7 19. Bh3 Rae8 20. Bxd7 Nxd7 21. Nf3 Nf6 22. Ng5 Ng4 23. Qh4 h6 24. Ne6 Qxh4 25. gxh4 Rf7 26. Nxc5 b6 27. Nd3 f3 28. c5 Nf6 29. Rfe1 g5 30. cxb6 cxb6 31. Rac1 Kh7 32. Re3 Ng4 33. Ree1 Nf6 34. d6 gxh4 35. Rc7 Nd7 36. Rd1 Rg7+ 37. Kh1 Reg8 38. Rxd7 Rxd7 39. Nxe5 Rdg7 40. Nxf3 Kg6 1-0

[Event "CZE-chT2C 1617"]
[Site "Czech Republic"]
[Date "2017.01.15"]
[Round "6.3"]
[White "Spal, Milan"]
[Black "Blazek, Jiri"]
[Result "1-0"]
[WhiteElo "2156"]
[BlackElo "2201"]
[PlyCount "27"]
[EventDate "2016.10.09"]
[EventType "team-tourn"]
[EventRounds "11"]
[EventCountry "CZE"]
[SourceTitle "EXT 2022"]
[Source "ChessBase"]
[SourceDate "2021.10.06"]
[SourceVersion "1"]
[SourceVersionDate "2021.10.06"]
[SourceQuality "1"]
[WhiteTeam "Pisek"]
[BlackTeam "Tabor"]
[WhiteTeamCountry "CZE"]
[BlackTeamCountry "CZE"]

1. e4 c5 2. Nc3 d6 3. f4 g6 4. Nf3 Bg7 5. Bb5+ Bd7 6. Bc4 e6 7. 0-0 a6 8. d4 cxd4 9. Nxd4 Ne7 10. f5 exf5 11. exf5 Nxf5 12. Nxf5 gxf5 13. Re1+ Kf8 14. Qxd6+ 1-0

[Event "CZE-chT2A 1415"]
[Site "Czech Republic"]
[Date "2015.02.08"]
[Round "7.3"]
[White "Husak, Antonin"]
[Black "Spal, Milan"]
[Result "0-1"]
[WhiteElo "1994"]
[BlackElo "2199"]
[PlyCount "106"]
[EventDate "2014.11.02"]
[EventType "team-tourn"]
[EventRounds "11"]
[EventCountry "CZE"]
[SourceTitle "EXT 2022"]
[Source "ChessBase"]
[SourceDate "2021.10.06"]
[SourceVersion "1"]
[SourceVersionDate "2021.10.06"]
[SourceQuality "1"]
[WhiteTeam "Tachov"]
[BlackTeam "Pisek"]
[WhiteTeamCountry "CZE"]
[BlackTeamCountry "CZE"]

1. Nf3 c5 2. e4 e6 3. c3 d5 4. exd5 Qxd5 5. c4 Qd8 6. b3 Nc6 7. Be2 e5 8. Nc3 Nf6 9. 0-0 Be7 10. Bb2 0-0 11. a3 Bf5 12. Nh4 Be6 13. g3 Nd4 14. Ng2 Qb6 15. Nb5 Nxe2+ 16. Qxe2 a6 17. Nc3 Qxb3 18. d3 e4 19. Qd2 exd3 20. Rfe1 Qxc4 21. Rac1 Qd4 22. Nf4 Qd7 23. Re3 c4 24. Rce1 Bc5 25. Ne4 Nxe4 26. Rxe4 Bf5 27. Qc3 f6 28. Rxc4 b6 29. Ng2 d2 30. Rd1 Rad8 31. Rf4 Qd3 32. Qxd3 Rxd3 33. Rxf5 Rfd8 34. Kf1 Rb3 35. Bxf6 gxf6 36. Rxf6 Rxa3 37. Ne3 Bxe3 38. fxe3 b5 39. Re6 a5 40. Ke2 Ra2 41. Rb6 Rb2 42. g4 a4 43. Ra6 Ra2 44. Rb6 Rd5 45. h4 a3 46. e4 Rd4 47. Ke3 Rb4 48. h5 Rc2 49. g5 a2 50. g6 hxg6 51. Rxg6+ Kh7 52. Rf1 Rb3+ 53. Kf4 Rb1 0-1

[Event "CZE-chT2A 1415"]
[Site "Czech Republic"]
[Date "2014.11.30"]
[Round "3.3"]
[White "Rous, Daniel"]
[Black "Spal, Milan"]
[Result "1/2-1/2"]
[WhiteElo "2161"]
[BlackElo "2199"]
[PlyCount "40"]
[EventDate "2014.11.02"]
[EventType "team-tourn"]
[EventRounds "11"]
[EventCountry "CZE"]
[SourceTitle "EXT 2022"]
[Source "ChessBase"]
[SourceDate "2021.10.06"]
[SourceVersion "1"]
[SourceVersionDate "2021.10.06"]
[SourceQuality "1"]
[WhiteTeam "Praha Dopravni podnik"]
[BlackTeam "Pisek"]
[WhiteTeamCountry "CZE"]
[BlackTeamCountry "CZE"]

1. c4 c5 2. Nc3 g6 3. Nf3 Bg7 4. e3 Nf6 5. d4 0-0 6. Be2 cxd4 7. exd4 d5 8. h3 Nc6 9. 0-0 dxc4 10. Bxc4 Na5 11. Be2 Be6 12. b3 Rc8 13. Bb2 Nd5 14. Qd2 Nc6 15. Ne4 Bf5 16. Ng3 Be6 17. Rfd1 Ncb4 18. Ne1 Qc7 19. Bf3 Rfd8 20. Rac1 Qb8 1/2-1/2

[Event "CZE-chT2A 1415"]
[Site "Czech Republic"]
[Date "2014.11.16"]
[Round "2.4"]
[White "Eret, Jonas"]
[Black "Spal, Milan"]
[Result "1/2-1/2"]
[WhiteElo "2054"]
[BlackElo "2199"]
[PlyCount "110"]
[EventDate "2014.11.02"]
[EventType "team-tourn"]
[EventRounds "11"]
[EventCountry "CZE"]
[SourceTitle "EXT 2022"]
[Source "ChessBase"]
[SourceDate "2021.10.06"]
[SourceVersion "1"]
[SourceVersionDate "2021.10.06"]
[SourceQuality "1"]
[WhiteTeam "Klatovy"]
[BlackTeam "Pisek"]
[WhiteTeamCountry "CZE"]
[BlackTeamCountry "CZE"]

1. d4 c5 2. c3 Nf6 3. Nf3 e6 4. Bf4 cxd4 5. cxd4 Qb6 6. Qb3 Qxb3 7. axb3 Nc6 8. Nc3 Bb4 9. Bd2 0-0 10. e3 b6 11. Na2 Be7 12. Bd3 Bb7 13. 0-0 a5 14. Rfc1 Nb4 15. Nxb4 axb4 16. Be1 Rxa1 17. Rxa1 Rc8 18. Kf1 g6 19. Nd2 Bd5 20. f3 Ra8 21. Rxa8+ Bxa8 22. Nc4 Nd5 23. Ke2 Bc6 24. Bg3 Bg5 25. Bf2 Bd8 26. Ne5 f6 27. Nxc6 dxc6 28. g3 Kf7 29. e4 Nc7 30. Be1 Be7 31. Bd2 Ke8 32. Bf4 Kd7 33. Bc4 Bd6 34. Be3 g5 35. f4 h6 36. Kf3 gxf4 37. Bxf4 h5 38. Bxd6 Kxd6 39. Kf4 Ne8 40. e5+ Ke7 41. Be2 Ng7 42. Bf3 c5 43. dxc5 bxc5 44. Ke4 Kf7 45. Kf4 Kg6 46. Be4+ Kf7 47. h4 Ne8 48. Bf3 Ng7 49. g4 hxg4 50. Bxg4 f5 51. Be2 Kg6 52. Bd1 Nh5+ 53. Kf3 Ng7 54. Ke3 Nh5 55. Kf3 Ng7 1/2-1/2

[Event "CZE-chT2A 1314"]
[Site "Czech Republic"]
[Date "2014.04.06"]
[Round "11.1"]
[White "Cernousek, Lukas"]
[Black "Spal, Milan"]
[Result "1-0"]
[WhiteElo "2455"]
[BlackElo "2224"]
[PlyCount "61"]
[EventDate "2013.11.03"]
[EventType "team-tourn"]
[EventRounds "11"]
[EventCountry "CZE"]
[SourceTitle "EXT 2015"]
[Source "ChessBase"]
[SourceDate "2014.11.20"]
[SourceVersion "1"]
[SourceVersionDate "2014.11.20"]
[SourceQuality "1"]
[WhiteTeam "Postovni sporitelna II"]
[BlackTeam "Strakonice"]
[WhiteTeamCountry "CZE"]
[BlackTeamCountry "CZE"]

1. d4 Nf6 2. c4 e6 3. g3 c5 4. d5 exd5 5. cxd5 b5 6. Nf3 d6 7. e4 a6 8. a4 Be7 9. axb5 Nxe4 10. bxa6 0-0 11. a7 Nd7 12. Bd3 Nef6 13. Nc3 Qb6 14. Qa4 Bb7 15. 0-0 Rfd8 16. Re1 Bf8 17. Bd2 h6 18. Bb5 Qc7 19. Bc6 Nb6 20. Qb5 Bxc6 21. dxc6 Rxa7 22. Rxa7 Qxa7 23. b4 Nbd5 24. Nxd5 Nxd5 25. bxc5 dxc5 26. Ne5 Bd6 27. Nd7 Nc7 28. Qd3 Ne8 29. Rxe8+ Rxe8 30. Qxd6 c4 31. Bc3 1-0

[Event "CZE-chT2A 1314"]
[Site "Czech Republic"]
[Date "2013.11.03"]
[Round "1.1"]
[White "Spal, Milan"]
[Black "Turner, Jan"]
[Result "1/2-1/2"]
[WhiteElo "2224"]
[BlackElo "2356"]
[PlyCount "192"]
[EventDate "2013.11.03"]
[EventType "team-tourn"]
[EventRounds "11"]
[EventCountry "CZE"]
[SourceTitle "EXT 2015"]
[Source "ChessBase"]
[SourceDate "2014.11.20"]
[SourceVersion "1"]
[SourceVersionDate "2014.11.20"]
[SourceQuality "1"]
[WhiteTeam "Strakonice"]
[BlackTeam "Tachov"]
[WhiteTeamCountry "CZE"]
[BlackTeamCountry "CZE"]

1. e4 d6 2. d4 Nf6 3. Nc3 e5 4. Nf3 Nbd7 5. Bc4 Be7 6. 0-0 0-0 7. Re1 c6 8. a4 a5 9. Ba2 exd4 10. Nxd4 Nc5 11. h3 Re8 12. Qf3 Bd7 13. Bf4 Qb6 14. e5 dxe5 15. Bxe5 Rf8 16. Rad1 Rae8 17. Bc4 Bc8 18. b3 Ncd7 19. Bf4 Bb4 20. Nf5 Rxe1+ 21. Rxe1 Qd8 22. Rd1 Qe8 23. Qg3 Nh5 24. Qg5 Bxc3 25. Qxh5 Nf6 26. Qf3 Bxf5 27. Qxc3 Qe4 28. Bd6 Qxc2 29. Qxc2 Bxc2 30. Rc1 Rd8 31. Bc7 Rd1+ 32. Rxd1 Bxd1 33. Bxa5 Bc2 34. Bd8 Ne4 35. a5 Nd2 36. a6 bxa6 37. Bxa6 Bxb3 38. f3 c5 39. Ba5 Bc4 40. Bb7 Nb3 41. Bb6 Be6 42. Be4 f5 43. Bc2 c4 44. Kf2 Na1 45. Ba4 c3 46. Ke1 Bb3 47. Bxb3+ Nxb3 48. Kd1 Nd2 49. Kc2 Nc4 50. Bd4 Kf7 51. Kxc3 Nd6 52. Kd3 Nb5 53. Bc5 Nc7 54. Be3 Ke6 55. Bc1 Kd5 56. Bd2 Ne6 57. Ke2 g6 58. Kf2 f4 59. Ba5 Kc4 60. g3 fxg3+ 61. Kxg3 Kd4 62. Bd2 Ke5 63. Bc3+ Kf5 64. Bd2 h5 65. Be3 Nc7 66. Bc1 Nd5 67. Bd2 Nb6 68. Be3 Nc4 69. Bc1 Ne5 70. Bd2 h4+ 71. Kg2 Nd3 72. Be3 Nf4+ 73. Kh2 g5 74. Bd2 Ke6 75. Bb4 Nd5 76. Bd2 Kf5 77. Kg2 Nb6 78. f4 gxf4 79. Kf3 Nd5 80. Be1 Ne7 81. Bxh4 Ng6 82. Bd8 Ne5+ 83. Kf2 Ke4 84. Bb6 Nd3+ 85. Kg2 Ne5 86. h4 Nf3 87. h5 Nh4+ 88. Kf2 Nf5 89. Ba5 Nh6 90. Bb6 Ng4+ 91. Kg2 f3+ 92. Kg3 Nh6 93. Bc5 Nf5+ 94. Kf2 Kf4 95. h6 Nxh6 96. Be3+ Ke4 1/2-1/2

[Event "Tabor op"]
[Site "Tabor"]
[Date "2011.08.04"]
[Round "6"]
[White "Spal, Milan"]
[Black "Simecek, Bohumil"]
[Result "0-1"]
[WhiteElo "2257"]
[BlackElo "2125"]
[PlyCount "90"]
[EventDate "2011.07.31"]
[EventType "swiss"]
[EventRounds "9"]
[EventCountry "CZE"]
[SourceTitle "CBM 143 Extra"]
[Source "ChessBase"]
[SourceDate "2011.08.29"]
[SourceVersion "1"]
[SourceVersionDate "2011.08.29"]
[SourceQuality "1"]

1. e4 e6 2. Nf3 d5 3. d3 Nf6 4. e5 Nfd7 5. g3 b6 6. Bg2 Bb7 7. 0-0 c5 8. Re1 Nc6 9. c4 d4 10. h4 Qc7 11. Bf4 h6 12. Qe2 Be7 13. Nbd2 0-0-0 14. a3 Rdg8 15. h5 g5 16. hxg6 Rxg6 17. Ne4 Qd8 18. Nd6+ Bxd6 19. exd6 h5 20. Ne5 Ncxe5 21. Bxb7+ Kxb7 22. Bxe5 Nxe5 23. Qxe5 h4 24. Re4 hxg3 25. fxg3 Rg5 26. Qf4 Rf5 27. Qd2 Qxd6 28. Qg2 Qc6 29. b4 Kc8 30. bxc5 Rfh5 31. Rh4 Qxg2+ 32. Kxg2 Rxh4 33. gxh4 Rxh4 34. cxb6 axb6 35. Rf1 f5 36. Rb1 Kc7 37. Rb5 Rh8 38. Kg3 Ra8 39. Rb3 e5 40. Rb5 Ra5 41. Rb3 Kc6 42. Kh4 b5 43. Kg5 bxc4 44. dxc4 e4 45. Kf4 Kc5 0-1

[Event "Tabor op"]
[Site "Tabor"]
[Date "2011.08.03"]
[Round "5"]
[White "Spal, Milan"]
[Black "Mezera, Lukas"]
[Result "1-0"]
[WhiteElo "2257"]
[BlackElo "2052"]
[PlyCount "103"]
[EventDate "2011.07.31"]
[EventType "swiss"]
[EventRounds "9"]
[EventCountry "CZE"]
[SourceTitle "CBM 143 Extra"]
[Source "ChessBase"]
[SourceDate "2011.08.29"]
[SourceVersion "1"]
[SourceVersionDate "2011.08.29"]
[SourceQuality "1"]

1. e4 c5 2. Nc3 Nc6 3. Bb5 Nd4 4. Bc4 e6 5. Nf3 Nf6 6. 0-0 a6 7. d3 b5 8. Bb3 Nxb3 9. axb3 Bb7 10. Bg5 Be7 11. e5 b4 12. Na4 Nd5 13. Nxc5 Qb6 14. Bxe7 Nxe7 15. Nxb7 Qxb7 16. Nd2 h5 17. Ne4 Nf5 18. Qf3 Ke7 19. Qf4 Qb6 20. Nd6 Nxd6 21. Qg5+ Kf8 22. exd6 Qxd6 23. Ra5 f6 24. Qg6 h4 25. h3 Rc8 26. Rfa1 Rh6 27. Qe4 Rxc2 28. Rxa6 Qc5 29. d4 Rc1+ 30. Kh2 Qc7+ 31. f4 Rxa1 32. Rxa1 g5 33. Rf1 gxf4 34. Rxf4 f5 35. Qe5 Qb7 36. d5 Kf7 37. dxe6+ dxe6 38. Rc4 Qd5 39. Rc7+ Ke8 40. Rc8+ Kf7 41. Qc7+ Kf6 42. Rf8+ Kg5 43. Qe7+ Kf4 44. Qxb4+ Qe4 45. Qe7 Qe5 46. Rc8 Ke3+ 47. Kh1 f4 48. Qa7+ Ke4 49. Rc4+ Kd3 50. Qf2 Rh8 51. Qc2+ Ke3 52. Rc3+ 1-0

[Event "Tabor op"]
[Site "Tabor"]
[Date "2011.08.01"]
[Round "3"]
[White "Lacina, Filip"]
[Black "Spal, Milan"]
[Result "0-1"]
[WhiteElo "2059"]
[BlackElo "2257"]
[PlyCount "80"]
[EventDate "2011.07.31"]
[EventType "swiss"]
[EventRounds "9"]
[EventCountry "CZE"]
[SourceTitle "CBM 143 Extra"]
[Source "ChessBase"]
[SourceDate "2011.08.29"]
[SourceVersion "1"]
[SourceVersionDate "2011.08.29"]
[SourceQuality "1"]

1. c4 g6 2. Nc3 Bg7 3. d4 c5 4. d5 d6 5. e4 e6 6. Nf3 exd5 7. cxd5 a6 8. a4 Bg4 9. Be2 Nd7 10. 0-0 Ngf6 11. Nd2 Bxe2 12. Qxe2 0-0 13. Nc4 Nb6 14. f3 Nxc4 15. Qxc4 Nd7 16. Be3 f5 17. Rab1 f4 18. Bf2 Ne5 19. Qe2 Qa5 20. Be1 Qc7 21. Bf2 Rab8 22. Kh1 g5 23. Bg1 Qa5 24. Qc2 Rfc8 25. b3 Nd7 26. Ne2 b5 27. axb5 axb5 28. Bf2 b4 29. Nc1 Qb5 30. Nd3 Ne5 31. Nxe5 Bxe5 32. Kg1 Ra8 33. Rfc1 Ra3 34. h3 Rca8 35. Qd1 Ra2 36. Rc2 R8a3 37. Rxa2 Rxa2 38. Rc1 Qa6 39. Qe1 Re2 40. Qd1 Qa2 0-1

[Event "CZE-chT2A 1011"]
[Site "Czech Republic"]
[Date "2011.02.06"]
[Round "7"]
[White "Borkovec, Milan"]
[Black "Spal, Milan"]
[Result "0-1"]
[WhiteElo "2247"]
[BlackElo "2275"]
[PlyCount "102"]
[EventDate "2010.10.17"]
[EventType "team-tourn"]
[EventRounds "11"]
[EventCountry "CZE"]
[SourceTitle "EXT 2012"]
[Source "ChessBase"]
[SourceDate "2011.11.24"]
[SourceVersion "1"]
[SourceVersionDate "2011.11.24"]
[SourceQuality "1"]
[WhiteTeam "Tabor"]
[BlackTeam "Pisek Platan"]
[WhiteTeamCountry "CZE"]
[BlackTeamCountry "CZE"]

1. d4 c5 2. d5 g6 3. c4 Bg7 4. Nc3 d6 5. Nf3 Bxc3+ 6. bxc3 f5 7. Bf4 Nf6 8. e3 Qa5 9. Qc2 Nbd7 10. Bd3 Nb6 11. 0-0 Qa4 12. Qb3 Bd7 13. Nd2 0-0 14. Bg5 e5 15. dxe6 Bxe6 16. Bxf6 Rxf6 17. e4 Raf8 18. Rae1 Qd7 19. f3 f4 20. Rd1 R6f7 21. Rfe1 Qc7 22. Rb1 Nd7 23. Qxb7 Qxb7 24. Rxb7 Ne5 25. Rxf7 Kxf7 26. Bc2 Rb8 27. Bb3 a5 28. Rb1 g5 29. Kf2 Kf6 30. h3 Bxc4 31. Nxc4 Nxc4 32. Rd1 Ne3 33. Rxd6+ Ke7 34. Rh6 c4 35. Rxh7+ Kf6 36. Ba4 Rb2+ 37. Ke1 Rxa2 38. Bc6 Nxg2+ 39. Kd1 Ne3+ 40. Ke1 a4 41. Rh6+ Kg7 42. Rh5 Kg6 43. Be8+ Kf6 44. Rh6+ Ke7 45. Bb5 a3 46. Rh7+ Kf6 47. Rh6+ Kg7 48. Ra6 Rb2 49. Ra7+ Kh6 50. Ra6+ Kh5 51. Be8+ Kh4 0-1

[Event "CZE-chT2A 0910"]
[Site "Czech Republic"]
[Date "2009.11.22"]
[Round "3.2"]
[White "Havlik, Jindrich"]
[Black "Spal, Milan"]
[Result "0-1"]
[WhiteElo "2204"]
[BlackElo "2279"]
[PlyCount "92"]
[EventDate "2009.10.18"]
[EventType "team-tourn"]
[EventRounds "11"]
[EventCountry "CZE"]
[SourceTitle "EXT 2012"]
[Source "ChessBase"]
[SourceDate "2011.11.24"]
[SourceVersion "1"]
[SourceVersionDate "2011.11.24"]
[SourceQuality "1"]
[WhiteTeam "Klatovy"]
[BlackTeam "Pisek Platan"]
[WhiteTeamCountry "CZE"]
[BlackTeamCountry "CZE"]

1. e4 g6 2. d4 c6 3. Nf3 d5 4. e5 Bg4 5. Be2 e6 6. Nbd2 Nd7 7. 0-0 Ne7 8. c4 Bg7 9. h3 Bxf3 10. Nxf3 dxc4 11. Bxc4 0-0 12. Bg5 h6 13. Bh4 Nb6 14. Bb3 Qd7 15. Bxe7 Qxe7 16. Qc2 Rac8 17. a4 c5 18. a5 cxd4 19. Qd3 Nd7 20. Qxd4 Nc5 21. Bc4 Rfd8 22. Qe3 Nd7 23. Bb5 Qc5 24. Bxd7 Qxe3 25. fxe3 Rxd7 26. Rac1 Rdc7 27. Rxc7 Rxc7 28. Rd1 Bf8 29. Rd8 Kg7 30. Nd4 Be7 31. Rb8 a6 32. Kf2 Bb4 33. Ke2 Bxa5 34. Kd3 Be1 35. Re8 Rd7 36. Ke4 Bg3 37. Ne2 Bh2 38. g3 Rd2 39. Kf3 Rxb2 40. Rc8 a5 41. Ra8 b6 42. Ra7 g5 43. Nd4 Kg6 44. Nc6 h5 45. Nd8 Bg1 46. Ke4 Rb3 0-1